000 01182nam0a22002891 4500
001 rc\3802513
005 20120311164525.5
021 _aRU
_b75-90414
021 _aRU
_bРг287-76
035 _a(NLR Aleph) 007248047
090 _a5175205
_c5175205
100 _a20120311d1975 |||y0rusy50 ca
101 0 _arus
102 _aRU
105 _ay z |||||
200 1 _aПути улучшения использования машинно-тракторного парка в совхозах и колхозах Ленинградской области
_fЛенингр. организация о-ва "Знание" РСФСР. Ленингр. дом науч.-техн. пропаганды
210 _aЛенинград
_cБ. и.
_d1975
215 _a18 с.
_d22
225 1 _aВ помощь лектору
300 _aПеред загл. авт.: засл. деятель науки и техники РСФСР С.А. Иофинов
320 _aБиблиогр.: с. 17
700 1 _aИофинов
_bС. А.
_gСамуил Абрамович
801 0 _aRU
_bNLR
_gpsbo
801 1 _aRU
_bELAR
_2rusmarc
852 _aNLR
_j75-6/5739
942 _cBOOK
980 _aNB